LEADER 02663nam2-2200421---450- 001 990005799220203316 005 20130703101946.0 010 $a978-92-9237-742-7 035 $a000579922 035 $aUSA01000579922 035 $a(ALEPH)000579922USA01 035 $a000579922 100 $a20130122d2012----km-y0itay50------ba 101 0 $aeng 102 $aLU 105 $a||||||||001yy 200 1 $aAiuti diretti per le vacche nutrici, le pecore e le capre erogati nel quadro della parziale applicazione delle disposizioni sull'RPU$fCorte dei Conti europea 210 $aLussemburgo$cUfficio delle pubblicazioni dell'Unione europea$d2012 215 $a55 p.$cill.$d30 225 2 $aRelzione speciale$v11/2012 330 $aLa riforma della PAC attuata nel 2003 ha abolito il collegamento che vincolava il pagamento di un sussidio a una specifica produzione agricola, introducendo un nuovo sostegno diretto dell?ue "disaccoppiato", ossia il regime di pagamento unico (RPU). In via eccezionale, laddove ritenessero che vi fosse il rischio di turbativa dei mercati agricoli o di abbandono della produzione a seguito del passaggio all?rpu, gli stati membri avevano la possibilità di derogare al disaccoppiamento e di mantenere, in alcuni settori, una parte di aiuti diretti nella forma esistente. Ciò valeva in particolare per i premi concernenti le vacche nutrici e/o le pecore e le capre. La relazione speciale espone i risultati dell'audit dei premi suddetti svolto dalla Corte, inteso a stabilire in quale misura gli aiuti diretti per le vacche nutrici, le pecore e le capre siano stati diretti alle regioni più appropriate degli stati membri ed efficaci nel preservare la produzione, evitando in tal modo effetti negativi a livello sociale, economico e ambientale. [Ed.] 410 0$1001000351941$aRelazione speciale 606 0 $aBovini$xAllevamento$xFinanziamenti comunitari 606 0 $aOvini$xAllevamento$xFinanziamenti comunitari 676 $a338.176 699 $a07.09$bAllevamento di animali 710 02$aCorte dei conti europea$0541549 801 0$aIT$bsalbc$gISBD 856 4 $uhttp://bookshop.europa.eu/uri?target=EUB:NOTICE:QJAB12010:IT:HTML$4.$zAccesso libero online 912 $a990005799220203316 951 $aCDE 07.09 (II)$bCDE 2921$cCDE 07.09$d00185295 959 $aBK 969 $aCDE 979 $aMARIAS$b90$c20130122$lUSA01$h1617 979 $aMARIAS$b90$c20130205$lUSA01$h0959 979 $aMARIAS$b90$c20130703$lUSA01$h1019 996 $aAiuti diretti per le vacche nutrici, le pecore e le capre erogati nel quadro della parziale applicazione delle disposizioni sull'RPU$91080395 997 $aUNISA LEADER 03024nam 2200661 450 001 9910463654503321 005 20200903223051.0 010 $a3-11-036807-2 010 $a3-11-031579-3 024 7 $a10.1515/9783110315790 035 $a(CKB)3390000000036798 035 $a(EBL)1130398 035 $a(OCoLC)913796763 035 $a(SSID)ssj0001457612 035 $a(PQKBManifestationID)11902454 035 $a(PQKBTitleCode)TC0001457612 035 $a(PQKBWorkID)11441482 035 $a(PQKB)10178857 035 $a(MiAaPQ)EBC4008757 035 $a(MiAaPQ)EBC1130398 035 $a(DE-B1597)209352 035 $a(OCoLC)900717325 035 $a(OCoLC)913087817 035 $a(DE-B1597)9783110315790 035 $a(Au-PeEL)EBL1130398 035 $a(CaONFJC)MIL808145 035 $a(EXLCZ)993390000000036798 100 $a20171129h20142014 uy 0 101 0 $aeng 135 $aur|n|---||||| 181 $ctxt 182 $cc 183 $acr 200 10$aSecond Temple songs of Zion $ea literary and generic analysis of the Apostrophe to Zion (11QPSA xxii 1-15); Tobit 13:9-18 and 1 Baruch 4:30-5:9 /$fRuth Henderson 210 1$aBerlin, [Germany] ;$aBoston, [Massachusetts] :$cWalter de Gruyter,$d2014. 210 4$d©2014 215 $a1 online resource (360 p.) 225 1 $aDeuterocanonical and Cognate Literature Studies,$x1865-1666 ;$vVolume 17 300 $aDescription based upon print version of record. 311 $a3-11-031564-5 320 $aIncludes bibliographical references and index. 327 $t Frontmatter -- $tForeword -- $tContents -- $t1. The topos of the future Jerusalem in Second Temple literature -- $t2. Methodological considerations -- $t3. The Apostrophe to Zion -- $t4. Tobit 13:1-18 -- $t5. 1 Bar 4:30-5:9 -- $t6. Genre analysis of the Apostrophe to Zion, Tob 13:9-18 and 1 Bar 4:30-5:9 -- $t7. Conclusion -- $tAbbreviations -- $tReferences -- $tSubject Index 330 $a"Although in Second Temple literature we find a variety of songs concerned with the future of Jerusalem, little attempt has been made to analyse these comparatively as a generic group. In this study, three songs have been selected on the basis of their similarity in style, ideas and their apparent original composition in Hebrew. The texts have been subjected to a literary analysis both individually and then comparatively"--$cProvided by publisher. 410 0$aDeuterocanonical and cognate literature studies ;$vVolume 17. 606 $aElizabeth Hay Bechtel Psalms scroll$xCriticism, interpretation, etc 607 $aJerusalem$xIn the Bible 608 $aElectronic books. 615 0$aElizabeth Hay Bechtel Psalms scroll$xCriticism, interpretation, etc. 676 $a229/.066 686 $aBC 6700$2rvk 700 $aHenderson$b Ruth$f1948-$01054661 801 0$bMiAaPQ 801 1$bMiAaPQ 801 2$bMiAaPQ 906 $aBOOK 912 $a9910463654503321 996 $aSecond Temple songs of Zion$92487483 997 $aUNINA LEADER 01939oam 2200469M 450 001 9910716111203321 005 20200213070940.3 035 $a(CKB)5470000002519007 035 $a(OCoLC)1065619077 035 $a(OCoLC)995470000002519007 035 $a(EXLCZ)995470000002519007 100 $a20071213d1926 ua 0 101 0 $aeng 135 $aurcn||||||||| 181 $ctxt$2rdacontent 182 $cc$2rdamedia 183 $acr$2rdacarrier 200 10$aTo authorize the exchange of certain public lands and the establishment of an aviation field near Yuma, Ariz. February 10, 1926. -- Committed to the Committee of the Whole House on the State of the Union and ordered to be printed 210 1$a[Washington, D.C.] :$c[U.S. Government Printing Office],$d1926. 215 $a1 online resource (2 pages) 225 1 $aHouse report / 69th Congress, 1st session. House ;$vno. 235 225 1 $a[United States congressional serial set ] ;$v[serial no. 8531] 300 $aBatch processed record: Metadata reviewed, not verified. Some fields updated by batch processes. 300 $aFDLP item number not assigned. 606 $aAirports 606 $aLand titles$xRegistration and transfer 606 $aLegislative amendments 608 $aLegislative materials.$2lcgft 615 0$aAirports. 615 0$aLand titles$xRegistration and transfer. 615 0$aLegislative amendments. 701 $aDriver$b William Joshua$f1873-1948$pDemocrat (AR)$01386184 801 0$bWYU 801 1$bWYU 801 2$bOCLCO 801 2$bOCLCQ 801 2$bOCLCO 801 2$bOCLCQ 906 $aBOOK 912 $a9910716111203321 996 $aTo authorize the exchange of certain public lands and the establishment of an aviation field near Yuma, Ariz. February 10, 1926. -- Committed to the Committee of the Whole House on the State of the Union and ordered to be printed$93484134 997 $aUNINA